|
|
|
|
| LEADER |
00000nbm0a2200000 4500 |
| 001 |
168702 |
| 005 |
20231031163202.0 |
| 029 |
0 |
0 |
|a SU
|b 72045000
|f ТПУ
|
| 035 |
|
|
|a (RuTPU)RU\TPU\book\183020
|
| 090 |
|
|
|a 168702
|
| 100 |
|
|
|a 20091030d1973 k y0rusy50 ca
|
| 101 |
0 |
|
|a rus
|
| 102 |
|
|
|a RU
|
| 105 |
|
|
|a a p 001zy
|
| 200 |
1 |
|
|a Исследования самотормозящихся асинхронных электродвигателей с электромагнитными вставками на роторе и статоре
|e Отчет о НИР № 7
|e Тема: № 60/72
|f Томский политехнический институт (ТПИ) ; руководитель Е. В. Кононенко ; Л. К. Бурулько
|
| 210 |
|
|
|a Томск
|d 1973
|
| 215 |
|
|
|a 146 л.
|
| 320 |
|
|
|a Библиогр.: с. 138-146.
|
| 610 |
1 |
|
|a отчеты о НИР
|
| 610 |
1 |
|
|a асинхронные электродвигатели
|
| 610 |
1 |
|
|a самотормозящие электродвигатели
|
| 610 |
1 |
|
|a электромагнитные вставки
|
| 610 |
1 |
|
|a роторы
|
| 610 |
1 |
|
|a статоры
|
| 610 |
1 |
|
|a исследования
|
| 675 |
|
|
|a 621.313.333(04)
|v 3
|
| 702 |
|
1 |
|a Кононенко
|b Е. В.
|c российский ученый
|c профессор кафедры электрических машин и аппаратов Томского политехнического института
|f 1928-
|g Евгений Васильевич
|2 stltpush
|3 (RuTPU)RU\TPU\pers\19800
|4 673
|
| 702 |
|
1 |
|a Бурулько
|b Л. К.
|4 677
|
| 712 |
0 |
2 |
|a Томский политехнический институт (ТПИ)
|c (1944-1991)
|2 stltpush
|3 (RuTPU)RU\TPU\col\1123
|4 595
|
| 801 |
|
1 |
|a RU
|b 63413507
|c 20091030
|
| 942 |
|
|
|c BK
|